| 000 | 01620nam a2200409 a 4500 | ||
|---|---|---|---|
| 001 | ebr10005749 | ||
| 003 | CaPaEBR | ||
| 006 | m u | ||
| 007 | cr cn||||||||| | ||
| 008 | 001108s2000 enkab sb 001 0 eng d | ||
| 010 | _z 00710524 | ||
| 015 | _aGBA0-Z3007 | ||
| 020 | _z0521772079 | ||
| 040 |
_aCaPaEBR _cCaPaEBR |
||
| 035 | _a(OCoLC)56340368 | ||
| 050 | 1 | 4 |
_aDA141 _b.C74 2000eb |
| 082 | 0 | 4 |
_a936.1/01 _221 |
| 100 | 1 |
_aCreighton, John, _d1964- |
|
| 245 | 1 | 0 |
_aCoins and power in late Iron Age Britain _h[electronic resource] / _cJohn Creighton. |
| 260 |
_aCambridge UK ; _aNew York : _bCambridge University Press, _c2000. |
||
| 300 |
_axiv, 249 p. : _bill., maps. |
||
| 490 | 1 | _aNew studies in archaeology | |
| 504 | _aIncludes bibliographical references (p. 228-237) and indexes. | ||
| 533 |
_aElectronic reproduction. _bPalo Alto, Calif. : _cebrary, _d2013. _nAvailable via World Wide Web. _nAccess may be limited to ebrary affiliated libraries. |
||
| 600 | 0 | 0 |
_aCunobelinus, _cKing of the Britons, _dd. 43? |
| 650 | 0 |
_aPower (Social sciences) _zGreat Britain _xHistory _yTo 500. |
|
| 650 | 0 |
_aCoinage _zGreat Britain _xHistory _yTo 500. |
|
| 650 | 0 |
_aCoins, Celtic _zGreat Britain. |
|
| 650 | 0 |
_aBritons _xKings and rulers. |
|
| 650 | 0 |
_aIron age _zGreat Britain. |
|
| 650 | 0 | _aCoins, British. | |
| 651 | 0 |
_aGreat Britain _xHistory _yTo 55 B.C. |
|
| 655 | 7 |
_aElectronic books. _2local |
|
| 710 | 2 | _aebrary, Inc. | |
| 830 | 0 | _aNew studies in archaeology. | |
| 856 | 4 | 0 |
_uhttp://site.ebrary.com/lib/rucke/Doc?id=10005749 _zAn electronic book accessible through the World Wide Web; click to view |
| 999 |
_c3448 _d3448 |
||